Áreas importantes para la conservación de las aves en Colombia - AICAS : (Registro nro. 19070)

Detalles MARC
000 -CABECERA
Campo de control 01016nam a2200217 a 4500
005 - FECHA Y HORA DE LA ULTIMA TRANSACCION
Campo de control 20200104041750.0
008 - ELEMENTOS DE LONGITUD FIJA—INFORMACION GENERAL
Campo de control 161010b2003 ck a|||| |||| 00| 0 spa d
040 ## - FUENTE DE CATALOGACIÓN
Agencia catalogadora original CO-BoIAVH
Agencia transcriptora CO-BoIAVH
041 0# - IDIOMA
Código de idioma para texto/pista de sonido o título separado Español
044 ## - PAÍS DE PUBLICACIÓN
País de publicación Colombia
090 ## - CLASIFICACIÓN LOCAL
Colección FH-
Consecutivo 0052
245 00 - MENCION DE TITULO
Título Áreas importantes para la conservación de las aves en Colombia - AICAS :
Parte restante del título Formulario de nominación /
260 ## - PUBLICACION, DISTRIBUCION, ETC. (PIE DE IMPRENTA)
Lugar de publicación, distribución, etc. Bogotá?, Colombia :
Nombre del editor, distribuidor, etc. Instituto de Investigación de Recursos Biológicos Alexander von Humboldt,
Fecha de publicación, distribución, etc. 2003?.
300 ## - DESCRIPCION FISICA
Extensión 7 páginas :
Otros detalles físicos ilustraciones ;
Dimensiones 28 x 22 cm.
504 ## - NOTA DE BIBLIOGRAFIA, ETC.
Nota de bibliografía Incluye referencias bibliográficas.
650 26 - ASIENTO SECUNDARIO DE MATERIA - TERMINO TEMATICO
Término temático o nombre geográfico como elemento de entrada Conservación de la naturaleza
Subdivisión geográfica Colombiia
Subdivisión de forma Preguntas y respuestas
-- Folletos
9 (RLIN) 76759
650 26 - ASIENTO SECUNDARIO DE MATERIA - TERMINO TEMATICO
Término temático o nombre geográfico como elemento de entrada Aves
Subdivisión general conservación
Subdivisión geográfica Colombia
Subdivisión de forma Preguntas y respuestas
-- Folletos
9 (RLIN) 76760
650 26 - ASIENTO SECUNDARIO DE MATERIA - TERMINO TEMATICO
Término temático o nombre geográfico como elemento de entrada Reservas naturales
Subdivisión general Aves
-- conservación
Subdivisión geográfica Colombia
Subdivisión de forma Preguntas y respuestas
-- Folletos
9 (RLIN) 76761
710 2# - ASIENTO SECUNDARIO - NOMBRE CORPORATIVO
Nombre corporativo o de jurisdicción como elemento de entrada Instituto de Investigación de Recursos Biológicos Alexander von Humboldt
9 (RLIN) 204
942 ## - ELEMENTOS ADICIONALES (KOHA)
Sistema de clasificación Local
Tipo de ítem Folleto
Existencias
Withdrawn status Lost status Sistema de Clasificación Damaged status No para préstamo Colección Ubicación Permanente Ubicación actual Fecha de adquisición Total Checkouts Número topográfico Inventario / Código de Barras Date last seen Ejemplar Price effective from Forma de adquisición Tipo de material
    Local     Hemeroteca Bogotá Bogotá 10/10/2016   FH-0052 040747 10/10/2016 Ej. 1 10/10/2016 Institucional Folleto
    Local     Hemeroteca Bogotá Bogotá 10/10/2016   FH-0052 040748 10/10/2016 Ej. 2 10/10/2016 Institucional Folleto